| 000 | 00950nam a2200301 a 4500 | ||
|---|---|---|---|
| 001 | 13929 | ||
| 003 | BD-JhCC | ||
| 005 | 20240516091524.0 | ||
| 008 | 850312s1984 ctu b 001 0 eng | ||
| 020 | _a020802042X | ||
| 020 | _a0208020438 (pbk.) | ||
| 035 | _a(BD-JhCC)13929 | ||
| 040 |
_aDLC _cDLC _dDLC |
||
| 041 | _aeng | ||
| 050 | 0 | 0 |
_aLB1576 _b.B94 1984 |
| 082 | 0 | 0 |
_a372.623 _219 |
| 100 | 1 |
_aBurrows, Alvina Treut, _d1903- |
|
| 245 | 1 | 0 |
_aThey all want to write : _bWritten English in the elementary school / _cAlvina Treut Burrows, Doris C. Jackson, Dorothy O. Saunders. |
| 250 | _a4th ed. | ||
| 260 |
_aHamden, Conn. : _bLibrary Professional Publications, _c1984. |
||
| 300 |
_a238 p. ; _c24 cm. |
||
| 500 | _aIncludes index. | ||
| 504 | _aBibliography: p. 229-236. | ||
| 650 | 0 |
_aEnglish language _xComposition and exercises. |
|
| 700 | 1 |
_aJackson, Doris C., _d1908- |
|
| 700 | 1 |
_aSaunders, Dorothy O., _d1906- |
|
| 942 |
_2ddc _cBK |
||
| 999 |
_c13929 _d13929 |
||